000 01151cam a2200325 i 4500
001 42006
003 Mx-PuUPA
005 20250523124742.0
008 140415s1997 mx gr 001 0 spa d
020 _a9683658822
040 _cMx-PuUPA
_aMx-PuUPA
_bspa
_dMx-PuUPA
_erda
041 0 _aspa
043 _acl-----
100 1 _aArriarán, Samuel,
_915939
_eautor
245 1 0 _aFilosofía de la posmodernidad :
_bcrítica a la modernidad desde América Latina /
_cSamuel Arriarán
250 _aPrimera edición
264 1 _aMéxico, D.F. :
_bFacultad de Filosofía y Letras ;
_bDirección General de Asuntos del Personal Académico
300 _a246 páginas ;
_c21 cm
336 _2rdacontent
_atexto
_btxt
337 _2rdamedia
_asin medio
_bn
338 _2rdacarrier
_avolumen
_bnc
650 7 _2armarc
_aFilosofía
_zAmérica Latina
650 7 _2armarc
_aFilosofía
_ySiglo XX
650 7 _2armarc
_aFilosofía moderna
_ySiglo XX
650 7 _2armarc
_aPostmodernismo
650 7 _2armarc
_aPostmodernismo (Filosofía)
_zAmérica Latina
942 _2ddc
_cLI
_h199.8
_iA77
999 _c42006
_d42006